000 00550nam a2200217Ia 4500
005 20241216010720.0
008 180423s9999||||xx |||||||||||||| ||und||
082 _a549
_bS25
100 _aSAVITSKII, E. M.
245 0 _aPALLADIUM ALLOYS
250 _a0
260 _aNEW YORK
_bPRIMARY SOURCES
_c1969
300 _a212 pag.
_c22 cm
341 _h0
490 _v0
_a0
505 _aMATERIALS-MECHANICAL/PALLADIUM-SYSTEMS
541 _aD
_bBANCO MINERO DEL PERU
_d07-Jul-95
650 _aCIENCIAS PURAS
856 _zDeposito
942 _cLIBRO
999 _c22069
_d22069